Catalog

Record Details

Catalog Search



Family is the best medicine / Cathy McAleese ; ... Read More

McAleese, Cathy,(author.).
Mazali, Gustavo,(illustrator.).
Series: Helping hands

Available copies

  • 0 of 1 copy available at LARL/NWRL Consortium. (Show)
  • 0 of 1 copy available at Lake Agassiz Regional Library.

Current holds

0 current holds with 1 total copy.

Show Only Available Copies
Location Call Number / Copy Notes Barcode Shelving Location Status Due Date
Detroit Lakes Public Library E M (Text) 33500013211875 Main Checked out 05/23/2026

Record details

  • ISBN: 9781508197560
  • ISBN: 1508197563
  • ISBN: 1538390604
  • ISBN: 9781538390603
  • Physical Description: 31 pages : color illustrations ; 23 cm
  • Publisher: New York : Windmill Books, 2019.

Content descriptions

Summary, etc.:
"Everyone needs a little help sometimes, and often ... Read More
Subject: Families > Juvenile fiction.
Families.
Genre: Fiction.
Juvenile works.
LDR 01900cam a2200409Ii 4500
001341706
003LARL_NWRL_CONSORTIUM
00520200214222157.0
008190306s2019 nyua j 000 1 eng d
040 . ‡aIMF ‡beng ‡erda ‡cIMF ‡dYDX ‡dBDX ‡dOCLCF ‡dCHILD
019 . ‡a1055913460 ‡a1055914821
020 . ‡a9781508197560
020 . ‡a1508197563
020 . ‡a1538390604
020 . ‡a9781538390603
035 . ‡a(OCoLC)1089256513 ‡z(OCoLC)1055913460 ‡z(OCoLC)1055914821
08214. ‡a[E] ‡223
1001 . ‡aMcAleese, Cathy, ‡eauthor.
24510. ‡aFamily is the best medicine / ‡cCathy McAleese ; [illustrated by] Gustavo Mazali.
264 1. ‡aNew York : ‡bWindmill Books, ‡c2019.
300 . ‡a31 pages : ‡bcolor illustrations ; ‡c23 cm
336 . ‡atext ‡btxt ‡2rdacontent
337 . ‡aunmediated ‡bn ‡2rdamedia
338 . ‡avolume ‡bnc ‡2rdacarrier
4900 . ‡aHelping hands
520 . ‡a"Everyone needs a little help sometimes, and often the best helpers are our family members. Readers of this delightful book will see how families can make hard times easier to handle, and how they can help us through tough situations in life. They'll also learn the importance of working as a team and helping each other out, especially when it comes to family. Colorful illustrations supplement easy-to-digest textual content, helping to tell a story of love and support."--Publisher's description.
650 0. ‡aFamilies ‡vJuvenile fiction. ‡0(LARL_NWRL_CONSORTIUM)164956
650 7. ‡aFamilies. ‡2fast ‡0(LARL_NWRL_CONSORTIUM)175985
655 7. ‡aFiction. ‡2fast
655 7. ‡aJuvenile works. ‡2fast
7001 . ‡aMazali, Gustavo, ‡eillustrator.
901 . ‡a341706 ‡b ‡c341706 ‡tbiblio

Additional Resources